| 000 | 00667cam a22002531 4500 | ||
|---|---|---|---|
| 999 |
_c703 _d703 |
||
| 001 | 6058704 | ||
| 003 | OSt | ||
| 005 | 20180823093029.0 | ||
| 008 | 740927s1956 xx 000 0 eng | ||
| 010 | _a 56012058 | ||
| 035 | _a(OCoLC)1023169 | ||
| 040 |
_aDLC _cNIC _dOCoLC _dDLC |
||
| 050 | 0 | 0 |
_aBX6333.T5 _bG7 |
| 082 |
_a252.06 _bT539G |
||
| 100 | 1 |
_aThurman, Howard, _d1900-1981. |
|
| 245 | 1 | 4 | _aThe growing edge. |
| 250 | _a[1st ed.] | ||
| 260 |
_aNew York _bHarper _c[1956] |
||
| 300 |
_a181 p. _c22cm. |
||
| 650 | 0 |
_aBaptists _xSermons. |
|
| 650 | 0 |
_aSermons, American _y20th century. |
|
| 906 |
_a7 _bcbc _coclcrpl _du _encip _f19 _gy-gencatlg |
||
| 942 |
_2ddc _cBK |
||